00887 a2200205 45000010006000000050017000060080041000230030015000640400040000790800035001192450083001540200018002372500012002552640036002673000019003035050235003220410008005571000021005658560095005863858020260407155648.0260407a1986 arg spa dAR-UNSa-BCEJYS aAR-UNSa-BCEJYSbspacAR-UNSa-BCEJYS a330.34xDesarrollo Económico10aLa crisis del desarrollo argentinopde la fustración al crecimiento vigoroso a950-02-6293-2 a2a. ed. 1aBuenos Aires :bEl Ateneoc1986 a195 p.c19 cm. a1. Una visión de conjunto - 2. El desequilibrio dinámico interno y la crisis de acumulación - 3. La tendencia al desequilibrio exterior - 4. Las relaciones con los centros - 5. La crisis de las ideas - 6. Reflexiones finales aspa1 aPrebisch, Raúl41uhttps://biblioeco.unsa.edu.ar/pmb/images/libros/L125666.jpgyImagen de portadaqimage/jpeg